000 01447nam a2200229Ia 4500
999 _c37661
_d37661
001 3633
003 GE_BSU
005 20190603173410.0
008 181216s1987||||ge |||||||||||||| ||geo||
040 _cGE_BSU
080 _a656.13(035.3) ა–34
245 _aავტოტრანსპორტის ტერმინოლოგია = Автотранспортная терминология :
_b(რუსულ-ქართული და ქართულ-რუსული ნაწილები) /
_cრ.დვალისა და რ. ღამბაშიძის რედ–ით; შემდგ.: ი.მ.ქოჩიაშვილი ; გ.ი.მეძმარიაშვილი ; ვ.ს.ახალაძე.
264 _aთბილისი :
_bგანათლება,
_cგანათლება.
300 _a264 გვ .:
_c22 სმ.
653 _aავტოტრანსპორტის ტერმინოლოგია
700 _aდვალი, რ
_eრედაქციით
_91528
700 _aღამბაშიძე, რ
_eრედაქციით
_91113
700 _aქოჩიაშვილი, ი.მ
_eშემდგენელი
_92018
700 _aმეძმარიაშვილი, ი.გ
_eშემდგენელი
_92019
700 _aახალაძე, ვ.ს
_eშემდგენელი
_92020
942 _cBK
_2udc